| 000 | 00000nam 2200000za 4500 |
| 001 | 9.834138 |
| 003 | CaOODSP |
| 005 | 20250403105857 |
| 007 | cr ||||||||||| |
| 008 | 170323s1976 onc |o f|0| 0 fre d |
| 040 | |aCaOODSP|bfre |
| 043 | |an-cn--- |
| 086 | 1 |aCS15-505/1976F-PDF |
| 245 | 03|aLa structure par entrée-sorties de l'économie canadienne, 1961-1966 |h[ressource électronique]. |
| 260 | |aOttawa : |bStatistique Canada, |c1976. |
| 300 | |a200 p. |
| 500 | |aÉdition numérisée de l'imprimé [par Statistique Canada]. |
| 500 | |a« Système de comptabilité nationale. » |
| 692 | 07|2gccst|aConditions économiques |
| 710 | 2 |aStatistique Canada. |
| 775 | 08|tThe input-output structure of the Canadian economy, 1961-66 |w(CaOODSP)9.843491 |
| 794 | |tLa structure par entrée-sorties de l'économie canadienne, 1961-1974 |w(CaOODSP)9.844262 |
| 856 | 40|qPDF|s76.42 Ko|uhttps://publications.gc.ca/collections/collection_2017/statcan/CS15-505-1976-fra.pdf |
| 986 | |a15-505F |